000 00322nam a2200133 i 4500
001 bg
100 1 _aSOŁONIEWICZ, R.
245 0 _aPierwiastki chemiczne grup głównych /
_cR. Sołoniewicz.
260 _aWarszawa,
_c1989.
040 _cBPK
041 _apol
942 _cKS
008 s pl f |000 0 pol
999 _c10270
_d10270
856 _uhttp://koha.tu.koszalin.pl/cgi-bin/koha/opac-detail.pl?biblionumber=10270
_yKatalog online BPK